00260 a2200085 4500020002200000082001600022100002400038245007600062260003600138 a978-969-8893-03-3 a796.3580954 aSyed Khalid Mehmood aCricket Fever: A History of Pakistan - India TourscSyed Khalid Mehmood aKarachibJambo Publishingc2008